Normal view
MARC view
Entry Topical Term
001 - CONTROL NUMBER
- control field: 17308
003 - CONTROL NUMBER IDENTIFIER
- control field: ARRUPE
005 - DATE AND TIME OF LATEST TRANSACTION
- control field: 20150416175601.0
008 - FIXED-LENGTH DATA ELEMENTS
- fixed length control field: 150416|| aca||aabn | a|a d
040 ## - CATALOGING SOURCE
- Original cataloging agency: ARRUPE
- Transcribing agency: ARRUPE
150 ## - HEADING--TOPICAL TERM
- Topical term or geographic name as entry element: Science
- General subdivision: Methodology
- General subdivision: History.
670 ## - SOURCE DATA FOUND
- Source citation: Work cat.: (ARRUPE)0: Finocchiaro, Maurice A., 1942- 17304, Galileo and the art of reasoning :, c1980.